UBT Library

A child of fortune : (Record no. 39151)

000 -LEADER
fixed length control field 00879cam a2200241 a 4500
001 - CONTROL NUMBER
control field 3414948
005 - DATE AND TIME OF LATEST TRANSACTION
control field 20171219041500.0
008 - FIXED-LENGTH DATA ELEMENTS--GENERAL INFORMATION
fixed length control field 901018s1990 ilu b 001 0 eng
010 ## - LIBRARY OF CONGRESS CONTROL NUMBER
LC control number 90021386
020 ## - INTERNATIONAL STANDARD BOOK NUMBER
International Standard Book Number 0915463563 :
Terms of availability $24.95
040 ## - CATALOGING SOURCE
Original cataloging agency DLC
Transcribing agency DLC
Modifying agency DLC
041 ## - LANGUAGE CODE
Language code of text/sound track or separate title eng
043 ## - GEOGRAPHIC AREA CODE
Geographic area code n-us---
080 ## - UNIVERSAL DECIMAL CLASSIFICATION NUMBER
Universal Decimal Classification number 342.73
082 00 - DEWEY DECIMAL CLASSIFICATION NUMBER
Classification number 342.73 JOH
-- 347.30229
Edition number 20
100 2# - Rafti
Rafti 16
101 ## - Shkurtesa
Shkurtesa HIS
245 12 - TITLE STATEMENT
Title A child of fortune :
Statement of responsibility, etc Jeffrey St. John ; foreword by Warren E. Burger.
504 ## - BIBLIOGRAPHY, ETC. NOTE
Bibliography, etc Includes bibliographical references (p. 367-372) and index.
906 ## - LOCAL DATA ELEMENT F, LDF (RLIN)
a 7
b cbc
c orignew
d 1
e ocip
f 19
g y-gencatlg
942 ## - ADDED ENTRY ELEMENTS (KOHA)
Source of classification or shelving scheme
Item type Books
Holdings
Withdrawn status Lost status Source of classification or shelving scheme Damaged status Not for loan Collection code Permanent location Current location Shelving location Date acquired Total Checkouts Full call number Barcode Date last seen Price effective from Koha item type
          Koleksioni i përgjithshem UBT - Lipjan UBT - Lipjan Koleksioni i përgjithshem 12/19/2017   342.73 JOH 002-2939616 12/19/2017 12/19/2017 Books
UBT Library © 2015-2024. All rights reserved University Education for Business and Technology